000 00447nas a2200157 a 4500
001 000016074
005 20200929164249.0
008 100224c19769999dr ar1p 0 0spa d
040 _aDO-SdBNP
_bspa
043 _anwdr---
245 0 0 _aAnuario científico.
260 _aSan Pedro de Macorís, República Dominicana. :
_bUniversidad Central del Este.
300 _av. :
_bil. ;
_c23 cm.
310 _aAnual
_b1976-
362 0 _aAño 1. No.1 (1976-)
999 _c15615
_d15615